Ligue 1: 450+ Matches (2000-) - Statistics

General Stats
  • This quiz has been taken 5 times
  • The average score is 3 of 9
Answer Stats
Ranking Player Positions Nationality Matches Goals (assists) Periods Clubs % Correct
1 Steve Mandanda GK 555 0 (1) 2007-2015, 2017-2025
100%
2 Florent Balmont MF 512 13 (39) 2002-2020
50%
4 Sylvain Armand DF 507 19 (14) 2000-2017
50%
3 Vitorino Hilton DF 512 20 (11) 2003-2021
50%
5 Dimitri Payet MF, FW 492 103 (115) 2005-2014, 2016-2023
25%
8 Jimmy Briand MF, FW 483 102 (61) 2002-2013, 2015-2022
25%
7 Mickaël Landreau GK 490 0 (0) 2000-2014
25%
6 Daniel Congré DF 490 14 (9) 2004-2021
0%
9 Étienne Didot MF 460 18 (39) 2001-2019
0%
No matching quizzes found
Score Distribution
Percent of People with Each Score
Percentile by Number Answered
Your Score History
You have not taken this quiz